000 00347 a2200169 4500
001 191838
020 _a85-0204176-2
040 _cMagnum
100 _aPinsky, Mirna
240 1 0 _aFaz-de-conta
_lpor
245 1 0 _aFaz-de-conta
300 _a63
362 0 _a2003
440 1 _aSaraiva
697 _aLITERATURA INFANTO-JUVENIL
942 _cBK
999 _c191838
_d191838